000 00561nam a22001932 4500
001 0000008892
005 20151217152043.0
008 080616s xx 000 0 eng d
020 _a052161564x :
_cKES 1935
040 _aKABU
_cKABU
100 1 _aFreeman, Mark.
_@0000024347
245 1 0 _aTruth commissions and procedural fairness /
_cMark Freeman.
260 _aCambridge :
_bC. U. P.,
_c2006.
300 _axxii, 400 p.
650 0 _aTruth commissions.
_@0000159670
908 _a080616
950 _@1
999 _c7755
_d7755